| 000 | 00839 a2200229 4500 | ||
|---|---|---|---|
| 010 | _aENG-85616 | ||
| 020 |
_a8186561005 _c1850.00 |
||
| 035 | _aEN-69149 | ||
| 037 | _bD.B.Act / Pub | ||
| 082 | 1 | 4 | _a250 |
| 090 |
_c3267 _d3267 |
||
| 245 | 0 | 0 |
_aMandalas of the Bon religion _cedited by Tenzin Namdak, Yasuhiko Nagano, Musashi Tachikawa _bTritan Norbutse collection, Kathmandu |
| 260 |
_aDelhi _bSaujanya Publications _c2004 |
||
| 270 |
_a165-E, Kamla Nagar _bDelhi _cDelhi _e110007 _k23844541 _l23849007 _msaujanya@del3.vsnl.net.in |
||
| 300 |
_axliii, 131 p. _bill (col) _c28 cm (Hb) |
||
| 490 | 1 |
_aBon studies ; _v1 |
|
| 700 | _aNamdak, Tenzin | ||
| 700 | _aNagano, Yasuhiko | ||
| 700 | _aTachikawa, Musashi | ||
| 942 |
_adpl _cEN _k250 / MAN |
||
| 999 |
_c3204 _d3204 |
||